| 000 | 00570nam a22002057a 4500 | ||
|---|---|---|---|
| 005 | 20251108170739.0 | ||
| 008 | 250721s9999 xx 000 0 ara d | ||
| 082 | 1 | 4 | _aط/002/سوي |
| 100 | 1 |
_aسويلم، أحمد _eشارح |
|
| 245 | 1 | 0 | _aالكتاب / |
| 264 | 1 |
_aالقاهرة : _bسفير، _c[19-]. |
|
| 300 | _a32ص | ||
| 490 | 0 | _aفي كل زمان و مكان ؛3 | |
| 650 | 1 | 7 | _aالكتاب و المطالعة |
| 650 | 1 | 7 | _aالورق |
| 650 | 1 | 7 | _aالطباعة |
| 700 | 1 |
_aزهير، شريف _eرسم |
|
| 942 |
_2ddc _cBK |
||
| 999 |
_c48023 _d48023 |
||